| 000 | 00772nam a2200205 a 4500 | ||
|---|---|---|---|
| 001 | BRCA_8452 | ||
| 005 | 20190320210304.0 | ||
| 008 | 201115s2015----mx-a######---#000-0#spa-# | ||
| 041 | _aspa | ||
| 044 | _amx | ||
| 050 | 4 |
_aNK9114 _b.O28 2015 |
|
| 245 | 1 | 0 |
_aIn octacatl, in machiyotl _bdechados de virtud y entereza _cinvestigación, curaduría y textos Alejandro de Ávila. |
| 260 |
_aOaxaca, México _bMuseo Textil de Oaxaca _c2015 |
||
| 300 |
_a155 p. _bil. a color _c24 cm. |
||
| 500 | _aLa biblioteca cuenta con 4 ejemplares: 2do. ejemplar en el Área de Investigación, 3er. y 4to. ejemplar en Oficina Jefatura | ||
| 504 | _aBibliografía : p. 150-155 | ||
| 650 | 1 | 4 |
_aDechados (costura) _vCatálogos _921171 |
| 700 | 1 |
_aÁvila, Alejandro de _921172 |
|
| 942 |
_2lcc _cB |
||
| 999 |
_c8119 _d8119 |
||